00475nam a2200193Ia 4500008004100000020001800041050001400059100001600073245002600089245004700115260001500162260001600177260000900193300001500202300002700217300001000244440001900254500000800273170918s9999 xx 000 0 und d a9780545130448 bK641 2010 aKlein, Abby 4aThe penguin problem / cAbby Klein ; illustrated by John McKinley. aNew York : bScholastic, c2010 a95 pages : bcolored illustration ; c19cm. aReady, Freddy! a540